000 01120nam a2200265Ia 4500
003 OSt
005 20221005133554.0
006 a|||||r|||| 00| 0
007 ta
008 221004b |||||||| |||| 00| 0 hin d
024 _a10339
037 _cTextual
040 _aCRL
_cCRL
_bhin
041 _2hin
_ahin
100 _aयादव, लक्ष्मण, ले.
110 _aदिल्ली विश्वविद्यालय. कला संकाय. हिन्दी विभाग
245 0 _aतुलसी - साहित्य विषयक हिन्दी आलोचनाओं का तुलनात्मक अध्ययन
246 _aTulasī - sāhitya viṣhayak hindī ālochanāoan kā tulanātmak adhyayana
260 _c2013
300 _a254पृ0
_ccm.
650 _aहिन्दी साहित्य
700 _aदिल्ली विश्वविद्यालय. कला संकाय. हिन्दी विभाग
942 _cTEXL
_2cc
999 _c1067253
_d1067253